Изменение механической прочности изделий из глин в связи со структурными изменениями глинистых минералов при обжиге; Известия Томского политехнического университета [Известия ТПУ]; Т. 306, № 7

מידע ביבליוגרפי
Parent link:Известия Томского политехнического университета [Известия ТПУ]/ Томский политехнический университет (ТПУ).— , 2000-
Т. 306, № 7.— 2003.— [С. 66-71]
מחבר ראשי: Усов П. Г. Петр Григорьевич
מחברים אחרים: Губер Э. А.
סיכום:Заглавие с титульного листа
Электронная версия печатной публикации
Из журнала "Известия Томского политехнического института". - 1971. - Т. 174 : Неорганическая химия. - С. 117-123.
Предметом исследования явилось выяснение зависимости структурных изменений с прочностной характеристикой изделий.
שפה:רוסית
יצא לאור: 2003
סדרה:Избранные статьи из фондов журнала
Естественные науки
נושאים:
גישה מקוונת:http://www.lib.tpu.ru/fulltext/v/Bulletin_TPU/2003/v306/i7/13.pdf
פורמט: אלקטרוני Book Chapter
KOHA link:https://koha.lib.tpu.ru/cgi-bin/koha/opac-detail.pl?biblionumber=168225

MARC

LEADER 00000nla2a2200000 4500
001 168225
005 20231031163036.0
035 |a (RuTPU)RU\TPU\book\182519 
035 |a RU\TPU\book\182518 
090 |a 168225 
100 |a 20091026d2003 k y0rusy50 ca 
101 0 |a rus 
102 |a RU 
135 |a drnn ---uucaa 
181 0 |a i  
182 0 |a b 
200 1 |a Изменение механической прочности изделий из глин в связи со структурными изменениями глинистых минералов при обжиге  |b Электронный ресурс  |f П. Г. Усов, Э. А. Губер 
203 |a Текст  |c электронный 
215 |a 1 файл (850 Кб) 
225 1 |a Избранные статьи из фондов журнала 
225 1 |a Естественные науки 
230 |a Электронные текстовые данные (1 файл : 850 Кб) 
300 |a Заглавие с титульного листа 
300 |a Электронная версия печатной публикации 
300 |a Из журнала "Известия Томского политехнического института". - 1971. - Т. 174 : Неорганическая химия. - С. 117-123. 
330 |a Предметом исследования явилось выяснение зависимости структурных изменений с прочностной характеристикой изделий. 
337 |a Adobe Reader 
461 1 |0 (RuTPU)RU\TPU\book\176237  |t Известия Томского политехнического университета [Известия ТПУ]  |f Томский политехнический университет (ТПУ)  |d 2000- 
463 1 |0 (RuTPU)RU\TPU\book\182431  |t Т. 306, № 7  |v [С. 66-71]  |d 2003  |p 222 с. 
600 1 |a Усов  |b П. Г.  |g Петр Григорьевич  |f 1905-1977  |c химик  |c профессор Томского политехнического института, доктор технических наук  |y Томск  |2 stltpush  |3 (RuTPU)RU\TPU\pers\7821 
610 1 |a труды учёных ТПУ 
610 1 |a электронный ресурс 
610 1 |a глинистые минералы 
610 1 |a обжиг 
610 1 |a структурные изменения 
610 1 |a глины 
610 1 |a глиняные изделия 
610 1 |a механическая прочность 
610 1 |a прочностные характеристики 
610 1 |a персоналии 
700 1 |a Усов  |b П. Г.  |c российский ученый  |c химик  |c профессор Томского политехнического института  |f 1905-1977  |g Петр Григорьевич  |2 stltpush  |3 (RuTPU)RU\TPU\pers\7821 
701 1 |a Губер  |b Э. А. 
801 1 |a RU  |b 63413507  |c 20090623  |g PSBO 
801 2 |a RU  |b 63413507  |c 20161205  |g PSBO 
856 4 |u http://www.lib.tpu.ru/fulltext/v/Bulletin_TPU/2003/v306/i7/13.pdf 
942 |c CF